000 00764nam a2200241Ia 4500
003 OSt
005 20220918174545.0
006 a|||||r|||| 00| 0
007 ta
008 220917b |||||||| |||| 00| 0 eng d
024 _a12,814
037 _cTextual
040 _aARTS
_cARTS
_beng
041 _2eng
_aeng
082 _a/\42:83, J8 (Q4)
100 _aSchmid Toni
_950881
245 0 _aEighty five Siddhas
260 _c1958
490 _aReports from the scientific expedition to the North-Western Privinces of China under the leadership of Dr. Sven Hedin , sec. 8 Ethnography; 7. Sino-Swedis expedition publications; 42
650 _aSPIRITUALISM
942 _h/\42:83, J8 (Q4)
_cTEXL
_2CC
999 _c153651
_d153651